Statistiques concernant Les jeux olympiques - Vrai-Faux

Cliquez ici pour prendre le quiz!

Statistiques générales

  • Ce quiz a été pris 32 fois
  • Le résultat moyen est 18 sur 50

Statistiques - réponses

QuestionRéponse% Correct
Il est arrivé que des sportifs de nationalités différentes soit non pas adversaires mais partenaires.VRAI
59%
C'est Alain Calmat, le patineur, qui a allumé la flamme des jeux de GrenobleVRAI
56%
De nos jours, un représentant des athlètes, un des juges et un des entraineurs prononce le serment olympique.VRAI
56%
En 1924, il y avait une équipe d'AustralasieFAUX
53%
Sur le logo des jeux de Sydney en 2000 on devine un boomerangVRAI
53%
Des athlètes peuvent se présenter sous la bannière des "Athlètes olympiques indépendants"VRAI
53%
En 2004, lors des Jeux d'Athènes, 33 sportifs ont été convaincus de dopage. Un record !VRAI
50%
Le cricket, le croquet la pelote basque ont été sports olympiquesVRAI
50%
Le drapeau a été créé par Pierre de Coubertin en 1900FAUX
47%
Le diplôme olympique est remis aux sept premiers athlètes de chaque épreuve des JeuxFAUX
47%
En théorie la trève olympique commence une semaine avant le début des Jeux et se termine une semaine après la fin des Jeux paralympiquesVRAI
47%
En 2004 et 2006, il a existé une équipe de Serbie et MonténégroVRAI
47%
En 1976, un pentathlonien soviétique utilise une arme truquée en escrimeVRAI
47%
Le fondateur des Jeux Olympiques modernes, Pierre de Coubertin, était marquisFAUX
44%
Au cas où la flamme s'éteindrait, des lanternes ayant elles aussi été allumées à la flamme mère sont conservées en réserve par le pays organisateurVRAI
44%
De 1964 à 1992, l'Afrique-du-Sud ne prend pas part aux Jeux à cause de l'apartheid qui l'a fait exclureVRAI
44%
Le sportif le plus médaillé aux Jeux est amériicain, il a remporté 23 médailles d'or, 3 d'argent et 2 de bronzeVRAI
44%
Le serment olympique a été écrit par Pierre de Coubertin. Il est prononcé pour la première fois en 1920VRAI
44%
Surya Bonaly a prononcé le serment des athlètes en 1992 à AlbertvilleVRAI
44%
En 1916, les Jeux devaient avoir lieu à BerlinVRAI
44%
Les médailles des Jeux de Paris 1924 montrent notamment un athlète nu aidant son concurrent à se releverVRAI
41%
Le Comité International Olympique a son siège à GenèveFAUX
38%
Le drapeau olympique représente les cinq continents et les six couleurs (avec le blanc du fond), l'ensemble des nations, car au moins une des couleurs était dans le drapeau de chaque pays...VRAI
38%
Lors des Jeux de 1968 deux athlètes américains lèvent le poing sur le podium du 200 mètres pour protester contre le racismeVRAI
38%
Le logo des jeux d'Albertville, en 1992, évoque la flamme olympique comme celui de Paris 2024VRAI
38%
La flamme olympique a déjà été dans l'espaceVRAI
38%
En 1948, bien qu'invitée aux Jeux, l'URSS n'a pas envoyé de sportifsVRAI
38%
Le logo des jeux de Los Angeles comportait des étoiles bleu, blanche et rouge.VRAI
38%
Alain Mimoun a allumé la flamme des jeux d'AlbertvilleFAUX
34%
En 2014, trois Français se sont distingués en montant sur les trois marches du podium en ski crossVRAI
34%
Le premier cas de dopage connu aux Jeux remonte à 1900FAUX
31%
La reine Elisabeth II a ouvert les jeux de Montréal et de VancouverFAUX
31%
En 1980, à Moscou, un orage a éteint la flammeFAUX
31%
Les athlètes se sont relayés pour porter la flamme pour la première en 1936 à l'occasion des jeux de BerlinVRAI
31%
La flamme olympique a été allumée pour la première fois lors des jeux de Paris en 1924FAUX
28%
Le football américain, le football gaélique et le football australien ont été sports de démonstrationFAUX
28%
En 1996, un attentat a eu lieu à Atlanta au moment des Jeux tuant 11 personnes et en blessant 100FAUX
28%
Le Comité International Olympique reconnait les délégations olympiques de territoires non indépendantsVRAI
28%
Les médailles d'or doivent contenir au moins 92,5 % d'argentVRAI
25%
Les Jeux paralympiques ont été créés en 1960VRAI
25%
L'hymne olympique n'a pas de paroles.FAUX
22%
C'est lors des jeux de Tokyo en 1968 qu'a été créé le premier logo d'une ville hôte.VRAI
22%
Pierre de Coubertin a été président du Comité International Olympique pendant 25 ansFAUX
19%
En 1940, les Jeux devaient se dérouler à MoscouFAUX
19%
Chaque couleur représente un continent, pour l'Europe c'est le bleuFAUX
19%
L'hymne olympique est joué depuis 1896. Il a été composé par un grec.VRAI
19%
L'Allemagne a pris part aux Jeux de 1992 sous le nom d'équipe unifiée d'AllemagneFAUX
16%
La flamme a pris le Concorde en 1976FAUX
16%
L'auteur de la devise Citius, altius, fortius est un prêtre dominicainVRAI
13%
En 1972, 9 sportifs israéliens sont tués pendant les Jeux de MunichFAUX
9%

Distribution des résultats

Percentile par nombre de réponses

% des personnes avec chaque résultat

Votre développement - résultats

Vous n’avez pas pris ce quiz